000 02906nam a22002657a 4500
003 Uzh_bibl
008 260515b |||||||| |||| 00| 0 ukr d
020 _a966-03-3457-5
_c18.90
040 _bукр.
041 _2fre
_aukr
080 _a821.133.1
090 _a821.133.1
_bД 96
100 _aДюма,Александр
245 _aТри мушкетери
_cпер. В. М. Верховеня; худож.-оформлювач Б. П. Бублик
_hТекст
260 _aХарків
_bФоліо
_c2006
300 _a512 с.
_fВ опр.
490 _aСерія "Зарубіжна класика"
520 _aАлександр Дюма-батько (1802—1870) — знаменитий французький письменник, автор близько 1200 романів і драм, один з найвідоміших романістів у світі. Онук маркіза і чорношкірої невільниці, син генерала Республіки й трактирниці, він був блискучим оповідачем, людиною, яка прожила бурхливе життя, полюбляла насолоди й при цьому працювала не покладаючи рук. «Історія — цвях, на який я вішаю свої романи», — говорив він, і підтвердження тому — романи письменника, якими і сьогодні захоплюються читачі в усьому світі.<br/><br/>Найвідоміший роман Александра Дюма-батька «Три мушкетери» набув неймовірної популярності у багатьох поколінь читачів. Легендарна четвірка сміливців – палкий гасконець д’Артаньян, гордий і витончений Атос, хитромудрий красень Араміс і простодушний добряк Портос – потрапляють у вир незчисленних інтриг при дворі французького короля Людовіка ХІІІ, де на кожному кроці на них чекає небезпека. Та хоч які перешкоди і несподіванки не з’являлися би на їхньому шляху, вони неодмінно ставали переможцями, бо всюди і завжди залишалися вірними девізу – «Один за всіх і всі за одного!»
521 _aДля широкого кола читачів
546 _aукр.
650 _aЛітературно-художнє видання
653 _aКохання
_aІнтриги
_aПригоди
655 _aПригоди
_vРоман
942 _2udc
_cBK
999 _c17772
_d17772